00309nam a2200109Ia 4500008004100000082001500041100002100056245001900077260003300096630001800129650005200147211122s9999||||xx |||||||||||||| ||und|| a530bSET-T aSethumadhavan, P 0aTao Of Physics bLipi PublicationsaKozhikode xGeneral Stack aChemistryvNATURAL SCIENCE & MATHEMATICSPHYSICS